000
00271nam a22001217a 4500
008
181031b xxu||||| |||| 00| 0 eng d
041
_a
eng
080
_a
616.12
100
_a
7
101
_a
KAR
245
_a
Textbook of Pulmonary Diseases
_c
Baum, G.L
942
_2
udc
_c
BK
999
_c
51306
_d
51306